| 000 | 00728nam a2200229 a 4500 | ||
|---|---|---|---|
| 005 | 20240925065503.0 | ||
| 008 | 030508s1999 mx r 000 0 spa d | ||
| 020 | _a8476585527 | ||
| 035 | _aUPN01000123977 | ||
| 049 | _aCG | ||
| 050 | 4 |
_aLC191 _bT4.6 |
|
| 100 | 1 | _aTerrén, Eduardo | |
| 245 | 1 | 0 |
_aEducación y modernidad : _bentre la utopía y la burocracia / _cEduardo Terrén. |
| 260 |
_aBarcelona, Esp. : _bAnthropos : _bUniversidade da Coruña, _c1999. |
||
| 300 | _a314 p. | ||
| 440 | 0 |
_aPensamiento crítico, pensamiento utópico ; _v109 |
|
| 650 | 4 |
_aSociología de la educación _94896 |
|
| 650 | 7 |
_aModernización educativa _2 _94852 |
|
| 650 | 4 |
_aEducación y Estado _919 |
|
| 905 | _aLibro | ||
| 999 |
_c96156 _d96156 |
||